| 000 | 00593cam a2200217 4500 | ||
|---|---|---|---|
| 008 | 000000n2001 000 0 eng u | ||
| 020 | _a0754512959 | ||
| 035 | _a(Sirsi) u111683 | ||
| 041 | _aeng. | ||
| 050 | _a336.22 CAN | ||
| 100 | _aCannon, P. | ||
| 245 | _aTolley's tax essentials: stamp duties 2001-02 | ||
| 260 |
_aCroydon _bTolley _c2001 |
||
| 300 |
_aiii, 100p. _c24cm. |
||
| 350 | _a35.00 | ||
| 490 |
_aTolley's Tax Essentials _v245 |
||
| 520 | _aProvides practical guidance on the key areas of Stamp Duties. | ||
| 650 | _aSTAMP DUTY | ||
| 690 | _aTAXATION | ||
| 942 | _n0 | ||
| 999 |
_c101277 _d101277 |
||